| 000 | 00341 a2200133 4500 | ||
|---|---|---|---|
| 001 | 72913 | ||
| 082 | _a744.422 FRE | ||
| 090 |
_c38855 _d38855 |
||
| 100 | _aFrench, T.E | ||
| 245 |
_aFundamentals of engineering drawing and graphic technology 4th Ed _hEnglish |
||
| 250 | _a4 | ||
| 260 |
_aLondon _bMc graw hill _c1987 |
||
| 300 | _a1978p | ||
| 942 |
_aNUST-CAE _k744.422 FRE |
||
| 999 |
_c307986 _d307986 |
||